اللغات السامية / (Record no. 14633)
[ view plain ]
| 000 -الفاتح | |
|---|---|
| حقل البيانات ثابتة الطول | 01216nam a22002537a 4500 |
| 003 - محدد رقم الضبط | |
| رقم الضبط | EG-ScBUE |
| 005 - وقت وتاريخ اخر تعامل مع التسجيلة | |
| رقم الضبط | 20191225130236.0 |
| 008 - عناصر البيانات ثابتة الطول - معلومات عامة | |
| حقل البيانات ثابتة الطول | 100808n au f b 000 0 ara d |
| 040 ## - مصدر الفهرسة | |
| وكالة الفهرسة الأصلية | EG-ScBUE |
| لغة الفهرسة | ara |
| قواعد الوصف | rda |
| وكالة النسخ | EG-ScBUE |
| وكالة التعديل | EG-ScBUE |
| 041 1# - رمز اللغة | |
| رمز لغة النص/ المسارات الصوتية أو العنوان الانفرادي | ara |
| رمز لغة الترجمات و/او الاصلية المتوسطة للنص | ger |
| 082 04 - رقم تصنيف ديوى العشرى | |
| رقم التصنيف | 492.1 |
| رقم المادة | ن و ل |
| رقم الطبعة | 22 |
| 100 1# - المدخل الرئيسى - إسم شخصى | |
| 9 (RLIN) | 17163 |
| الإسم الشخصى | نولدكه، ثيودور، |
| التواريخ المصاحبة للاسم | 1836-1930، |
| الدور | مؤلف. |
| 245 12 - بيان العنوان | |
| العنوان | اللغات السامية / |
| بيان المسئوليه,etc | تخطيط عام المستشرق الألماني الكبير نيودور نولدكه ؛ ترجمه عن الألمانية دكتور رمضان عبد التواب، مدرس بكلية آداب عين شمس. |
| 264 #1 - النشر، التوزيع | |
| مكان الناشر او الموزع | [القاهرة] : |
| اسم الناشر او الموزع | مكتبة دار النهضة العربية، |
| تاريخ النشر أو التوزيع | [تاريخ النشر غير محدد] |
| 300 ## - الوصف المادى | |
| التعداد | 111 صفحة ؛ |
| أبعاد الوعاء | 25 سم |
| 336 ## - نوع المحتوى | |
| source | rdacontent |
| Carrier Type Term | نص |
| Content Type Code | txt |
| 337 ## - نوع الوسيط | |
| source | rdamedia |
| Media Type Term | بدون وسيط |
| Media Type Code | n |
| 338 ## - نوع الحامل أو الناقل | |
| source | rdacarrier |
| Carrier Type Term | مجلد |
| Carrier Type Code | nc |
| 504 ## - تبصرة ببليوجرافية | |
| تبصرة ببليوجرافية,الخ | يشتمل على إرجاعات ببليوجرافية. |
| 546 ## - تبصرة اللغة | |
| تبصرة اللغة | النص مترجم من اللغة الألمانية. |
| 650 #7 - المدخل الاضافى بالموضوع-مصطلح موضوعى | |
| مصطلح موضوعي أو اسم جغرافي كعنصر مدخل | اللغات السامية. |
| مصدر الرأس أو المصطلح | BUEsh |
| 9 (RLIN) | 17166 |
| 700 1# - المدخل الاضافى - اسم شخصى | |
| 9 (RLIN) | 15985 |
| الإسم الشخصى | عبد التواب، رمضان، |
| التواريخ المصاحبة للاسم | 1930- |
| الدور | مترجم. |
| 942 ## - عناصر المدخل الإضافي( كوها) | |
| مصدر التصنيف او مخطط الترفيف | Dewey Decimal Classification |
| Koha [default] item type | Book - Borrowing |
| حالة التراجع | حالة الفقد | مصدر التصنيف او خطة الترفيف | حالة تلف | ليس للاعارة | المكان الدائم | المكان الحالي | موقع الترفيف | تاريخ الاكتساب | رقم الاستدعاء | الباركود | Date last seen | نوع الوعاء |
|---|---|---|---|---|---|---|---|---|---|---|---|---|
| Dewey Decimal Classification | Central Library | Central Library | Second Floor | 26/01/2011 | 492.1 ن و ل | 000025127 | 15/07/2025 | Book - Borrowing |